| 000 | 00864nam a2200253 4500 | ||
|---|---|---|---|
| 003 | OSt | ||
| 005 | 20260530115258.0 | ||
| 008 | 260422b2003 xxu |||| |||| 00| 0 eng d | ||
| 020 | _a1578518261 (papel alcalino) | ||
| 040 |
_aICI _bspa _cICI |
||
| 050 | 4 |
_aHF5415.32 _bZ35 |
|
| 100 | 1 |
_aZaltman, Gerald, _930790 |
|
| 245 | 1 | 0 |
_aHow customers think : _bessential insights into the mind of the market / _cGerald Zaltman |
| 264 | 1 |
_bHarvard Business School, _cc2003 _aBoston, Massachusetts : |
|
| 300 |
_a323 páginas _c24cm. |
||
| 336 |
_atexto _2rdacontent |
||
| 337 |
_asin medio _2rdamedia |
||
| 338 |
_avolumen _2rdacarrier |
||
| 650 | 4 |
_aComportamiento del consumidor _xAspectos psicológicos _930791 |
|
| 650 | 4 |
_aConsumidores _xActitudes _930792 |
|
| 650 | 4 |
_aMercadotecnia _xAspectos psicológicos _930793 |
|
| 650 | 4 | _aPensamiento creativo | |
| 942 |
_2lcc _cBK |
||
| 999 |
_c12714 _d12714 |
||